00297nam a2200133Ia 45000030006000000080041000060400015000471000017000622450036000792500010001152600009001255460012001340050017001460STCL150530s9999 xx 000 0 und d aSTCLcSTCL aPearce, F.G. aFootprints on the sands of time aThird c1943 aEnglish20220125171146.0